000 00211nam a2200097Ia 4500
008 190216s9999||||xx |||||||||||||| ||und||
100 _aNull
245 0 _aGanchiyude Katha
260 _bCurrent Books
942 _cBK
999 _c30394
_d30394